Paroles - Dreamin' - Youssoupha ft. Indila - Statistiques

Statistiques générales
  • Ce quiz a été pris 25 fois
  • Le résultat moyen est 236 sur 437
Statistiques - réponses
Refrain % Correct
Couplet 1 | Couplet 2 a
100%
Couplet 1 à
100%
Outro | Refrain I
95%
Couplet 2 J
95%
Couplet 1 | Couplet 2 je
89%
Couplet 2 Ma
89%
Couplet 1 | Couplet 2 | Refrain me
89%
Couplet 1 | Couplet 2 de
84%
Couplet 1 des
79%
Refrain dreaming
79%
Couplet 1 en
79%
Couplet 1 | Couplet 2 En
79%
Couplet 1 et
79%
Couplet 2 Et
79%
Couplet 1 | Couplet 2 le
79%
Couplet 2 Le
79%
Couplet 2 on
79%
Couplet 1 | Couplet 2 un
79%
Couplet 1 | Couplet 2 Un
79%
Couplet 1 | Couplet 2 avec
74%
Couplet 1 Dîn
74%
Refrain In
74%
Outro | Refrain in
74%
Couplet 1 juste
74%
Couplet 1 | Couplet 2 mes
74%
Couplet 1 | Couplet 2 mon
74%
Couplet 1 | Couplet 2 pas
74%
Refrain real
74%
Couplet 1 rimes
74%
Couplet 1 Dans
68%
Couplet 1 dans
68%
Refrain for
68%
Couplet 1 | Couplet 2 J'ai
68%
Couplet 1 | Couplet 2 j'ai
68%
Couplet 1 | Couplet 2 J'écris
68%
Couplet 1 | Couplet 2 la
68%
Couplet 2 La
68%
Refrain my
68%
Couplet 2 m'y
68%
Outro My
68%
Couplet 1 relief
68%
Couplet 1 | Couplet 2 sur
68%
Couplet 1 textes
68%
Outro | Refrain you
68%
Couplet 2 ces
63%
Couplet 1 changé
63%
Couplet 1 cœur
63%
Refrain feel
63%
Couplet 1 les
63%
Refrain Make
63%
Couplet 1 | Couplet 2 mille
63%
Couplet 1 pied
63%
Couplet 1 plates
63%
Couplet 1 | Couplet 2 Quand
63%
Couplet 2 quand
63%
Refrain the
63%
Outro to
63%
Couplet 1 au
58%
Couplet 1 autre
58%
Couplet 1 chèque
58%
Couplet 1 contre
58%
Couplet 1 | Couplet 2 foule
58%
Refrain hear
58%
Outro | Refrain I'm
58%
Couplet 1 | Couplet 2 l'autre
58%
Couplet 2 | Outro | Refrain love
58%
Refrain night
58%
Couplet 1 | Couplet 2 public
58%
Couplet 1 que
58%
Couplet 1 rêves
58%
Couplet 1 scène
58%
Couplet 1 suis
58%
Couplet 1 big
53%
Couplet 1 black
53%
Couplet 1 C'est
53%
Refrain ever
53%
Couplet 2 fils
53%
Couplet 1 | Couplet 2 main
53%
Refrain Miss
53%
Refrain miss
53%
Couplet 1 | Couplet 2 ne
53%
Outro No
53%
Outro | Refrain one
53%
Couplet 1 | Couplet 2 pour
53%
Couplet 1 | Couplet 2 Pour
53%
Couplet 1 | Couplet 2 qui
53%
Couplet 2 une
53%
Couplet 1 | Couplet 2 vous
53%
Couplet 1 | Couplet 2 amour
47%
Refrain can
47%
Couplet 1 | Couplet 2 cette
47%
Couplet 1 chez
47%
Refrain close
47%
Couplet 1 concert
47%
Refrain crying
47%
Couplet 1 dire
47%
Couplet 2 est
47%
Couplet 1 frère
47%
Couplet 1 | Couplet 2 m'entoure
47%
Couplet 1 miens
47%
Couplet 1 milieu
47%
Couplet 2 nos
47%
Couplet 1 | Couplet 2 revient
47%
Couplet 1 sous
47%
Couplet 1 superficiel
47%
Couplet 1 terre
47%
Couplet 1 tout
47%
Couplet 1 tu
47%
Couplet 1 up
47%
Couplet 2 vie
47%
Couplet 1 | Couplet 2 voix
47%
Refrain when
47%
Couplet 1 | Couplet 2 Y'a
47%
Outro | Refrain your
47%
Couplet 1 briques
42%
Couplet 1 bruits
42%
Couplet 1 ciel
42%
Couplet 2 défaite
42%
Refrain eyes
42%
Couplet 1 fait
42%
Refrain fighting
42%
Couplet 1 fous
42%
Couplet 1 grâce
42%
Outro is
42%
Refrain know
42%
Refrain makes
42%
Couplet 2 montre
42%
Couplet 2 œil
42%
Couplet 1 ont
42%
Couplet 1 oreilles
42%
Couplet 2 orpheline
42%
Couplet 1 parlent
42%
Couplet 1 Philo
42%
Couplet 1 plaques
42%
Couplet 1 | Couplet 2 refrain
42%
Couplet 1 rue
42%
Couplet 1 sais
42%
Couplet 1 vide
42%
Refrain voice
42%
Refrain who
42%
Refrain you're
42%
Couplet 1 alors
37%
Couplet 1 astronaute
37%
Couplet 1 bled
37%
Couplet 1 brise
37%
Couplet 2 car
37%
Couplet 1 d'balles
37%
Couplet 1 être
37%
Couplet 2 femme
37%
Refrain flying
37%
Couplet 1 forcé
37%
Couplet 1 | Couplet 2 guise
37%
Refrain hoping
37%
Couplet 1 J'pouvais
37%
Couplet 1 J'suis
37%
Refrain living
37%
Couplet 2 lourd
37%
Couplet 2 mais
37%
Couplet 2 monde
37%
Couplet 1 murs
37%
Couplet 1 ou
37%
Couplet 1 parti
37%
Couplet 2 perds
37%
Couplet 2 plaisir
37%
Couplet 1 Rap
37%
Couplet 1 référence
37%
Couplet 2 sera
37%
Refrain smiling
37%
Couplet 2 souffre
37%
Couplet 2 souvent
37%
Couplet 1 toucher
37%
Couplet 2 victoire
37%
Couplet 2 arme
32%
Couplet 2 belle
32%
Couplet 1 biz
32%
Couplet 1 c'putain
32%
Couplet 1 D'une
32%
Couplet 1 d'une
32%
Refrain falling
32%
Couplet 2 lignes
32%
Couplet 1 manière
32%
Couplet 2 médaille
32%
Couplet 2 microphone
32%
Couplet 2 pères
32%
Couplet 2 quelques
32%
Couplet 2 redire
32%
Couplet 2 repères
32%
Refrain singing
32%
Couplet 2 succès
32%
Couplet 2 triste
32%
Couplet 2 vies
32%
Refrain writing
32%
Refrain writting
32%
Couplet 2 anesthésie
26%
Couplet 1 backe
26%
Couplet 2 besoin
26%
Couplet 1 d'show-biz
26%
Couplet 1 Espérant
26%
Couplet 2 faut
26%
Couplet 2 garder
26%
Refrain Giving
26%
Couplet 2 Plus
26%
Couplet 2 plus
26%
Couplet 2 proches
26%
Couplet 2 rester
26%
Couplet 2 revers
26%
Couplet 2 taille
26%
Couplet 2 temps
26%
Couplet 2 bouge
21%
Couplet 2 bougie
21%
Couplet 2 dehors
21%
Couplet 2 éclairer
21%
Couplet 2 J'allume
21%
Couplet 2 l'or
21%
Couplet 2 remords
21%
Couplet 2 sans
21%
Couplet 2 s'écoule
21%
Couplet 2 vite
21%
Couplet 2 donc
16%
Couplet 2 flow
16%
Outro hands
16%
Outro it
16%
Couplet 2 LL
16%
Couplet 1 rêvais
16%
Couplet 2 Cool
11%
Outro don't
11%
Outro nothing
11%
Outro want
11%
Outro without
11%
Outro end
5%
Outro but
0%
Outro else
0%
Aucun quiz correspondant
Distribution des résultats
% des personnes avec chaque résultat
Percentile par nombre de réponses
Votre historique - résultats
Vous n’avez pas pris ce quiz